00809nam a2200217Ia 450000500170000000800410001702000150005808200200007310000280009324501170012125000190023830000420025765000420029965000500034165000220039126400550041333600270046833700330049533800280052804000350055620220317000651.0160601s1999 ck a g 000 0 spa  a958951981904aR 709.861bS27a1 aSerrano, Eduardod1939-10aArte colombiano contemporáneo [catálogo] bcertamenes y exposiciones colectivas, 1971-1998 cEduardo Serrano a1a. edición  a142 páginasbilustraciones c22 cm 142LEMBaArte colombiano vExposiciones 142LEMBaArte colombiano xHistoria y crítica 142LEMBaModernismo  aBogotá bAlcaldía Mayor de Bogotá D.C.c1999 atextobtxt2rdacontent asin mediaciónbn2rdamedia avolumenbnc2rdacarrier aCO-BoRNBPbspaerdacCO-BoRNBP